| 000 | 00594nam a22001817a 4500 | ||
|---|---|---|---|
| 999 |
_c16415 _d16415 |
||
| 003 | AR-CdUCM | ||
| 008 | 190503b ||||| |||| 00| 0 spa d | ||
| 040 |
_aMUNICIPALIDAD PROVINCIAL DEL CUSCO _cBIBLIOTECA MUNICIPAL DEL CUSCO |
||
| 082 |
_a869.51 / _bT69 |
||
| 100 |
_aTomaylla, Nilo _935845 |
||
| 245 | _aCantos del ruiseñor el retorno de ñawpa machu / | ||
| 260 |
_aPerú : _bMosca azul, _c1995. |
||
| 300 |
_a86 páginas ; _c20 cm. _bIlustraciones, |
||
| 505 | _aContenido : Literatura narrativa. | ||
| 650 |
_aLiteratura peruana _9169 |
||
| 942 |
_2ddc _cLIBROS |
||
| 945 |
_arah _d03/05/2019 |
||